| 000 | 00626nac a22001811u 4500 | ||
|---|---|---|---|
| 020 | _a8174091130 | ||
| 082 |
_a621.48 _bSIN |
||
| 090 |
_c10003 _d10003 |
||
| 100 | _aSinghai, D. K. | ||
| 245 |
_aFundamentals of nuclear power engineering/ _cD. K. Singhai |
||
| 260 |
_aNew Delhi: _bKhanna Publishing,2001 _c2001 |
||
| 300 |
_a516 p.: _bill.; _c20 cm. |
||
| 500 | _aDistributer: Al-Ahram | ||
| 511 | _aCatalogued by: wessam | ||
| 650 | _aNuclear engineering | ||
| 942 |
_cBB _k621.48SIN |
||
| 999 |
_c10003 _d10003 |
||